| 000 | 01071cam a22003014a 4500 | ||
|---|---|---|---|
| 001 | 13611481 | ||
| 003 | Nust | ||
| 005 | 20260512120500.0 | ||
| 008 | 040602r20051969nju i 001 0 eng | ||
| 010 | _a 2004048684 | ||
| 020 | _a0691120544 | ||
| 040 |
_aDLC _cDLC _dDLC |
||
| 041 | 1 |
_aeng _hara |
|
| 042 | _apcc | ||
| 050 | 0 | 0 |
_aD16.7 _b.I24132 2005 |
| 082 | 0 | 0 | _a901,KHA |
| 100 | 0 |
_aKhaldun, Ibn _d1332-1406. _9134412 |
|
| 245 | 1 | 4 |
_aThe Muqaddimah: _ban introduction to history / _cIbn Khaldun ; translated and introduced by Franz Rosenthal ; abridged and edited by N.J. Dawood. |
| 260 |
_aNew York _bPrinceton University Press, _c2005. |
||
| 300 |
_axliv, 465 p. ; _c20 cm. |
||
| 650 | 0 |
_aHistory _xPhilosophy _vEarly works to 1800. _9134413 |
|
| 650 | 0 |
_aCivilization _vEarly works to 1800. _9134414 |
|
| 700 | 1 |
_aRosenthal, Franz, _d1914-2003. _9134415 |
|
| 700 | 1 |
_aDawood, N. J. _912166 |
|
| 700 | 1 |
_aLawrence, Bruce B. _9134416 |
|
| 856 | 4 | 2 |
_3Publisher description _uhttp://www.loc.gov/catdir/description/prin051/2004048684.html |
| 942 |
_2ddc _cBK _k901,KHA |
||
| 999 |
_c617407 _d617407 |
||